000 00314nam a2200145Ia 4500
100 _aDrucker/ Peter F.
942 _cBK
654 _aManagement
245 _aManagement Tasks Responsibilities
260 _bAllied Publishers
_c1974
082 _a658
_bDRU
300 _a839
546 _aENGLISH
999 _c22619
_d22619